000 00858nam a22002177a 4500
999 _c9571
_d9571
003 AR-CdUCM
008 190328b ||||| |||| 00| 0 spa d
020 _a978-9972-874-73-4
040 _aMUNICIPALIDAD PROVINCIAL DEL CUSCO
_cBIBLIOTECA MUNICIPAL DEL CUSCO
082 _a027.4 /
_bM22
110 _aSistema Nacional de Bibliotecas (Perú)
_925857
245 _aManual de infraestructura y personal para bibliotecas /
260 _aLima :
_bBiblioteca Nacional del Perú, Fondo Editorial,
_c2010.
300 _a24 paginas ;
_c21 cm.
505 _aContenido :Características de su diseño -- Mobiliario -- Personal de la biblioteca -- Espacios interiores -- Equipos ...
650 _aMobiliario y equipo
_925858
650 _aEmpleados de bibliotecas
_925859
650 _aAdministración de bibliotecas
_925860
942 _2ddc
_cLIBROS
945 _arum